[Event "GRE-chT 34th"]
[Site "Ermioni Argolidas"]
[Date "2005.07.06"]
[Round "3"]
[White "Koutsangellou, Ioannis"]
[Black "Petrakis, Ilias"]
[Result "1-0"]
[WhiteElo "2088"]
[BlackElo "2220"]
[PlyCount "39"]
[EventDate "2005.07.04"]
[EventType "team"]
[EventRounds "9"]
[EventCountry "GRE"]
[SourceTitle "CBM 107 Extra"]
[Source "ChessBase"]
[SourceDate "2005.09.01"]
[SourceVersion "1"]
[SourceVersionDate "2005.09.01"]
[SourceQuality "1"]

1. e4 c5 2. Nf3 e6 3. d4 cxd4 4. Nxd4 a6 5. Nc3 b5 6. g3 b4 7. Na4 Bb7 8. Bg2 Nf6 9. 0-0 Bxe4 10. Bxe4 Nxe4 11. Re1 d5 12. c4 bxc3 13. Nxc3 Nxc3 14. Qh5 Ne4 15. Nxe6 g6 16. Nc7+ Kd7 17. Qxd5+ Bd6 18. Nxa8 Nc6 19. Rxe4 Qxa8 20. Bf4 1-0